Responses for Show #4093 - Wednesday, May 22, 2002

Ben Tritle game 5.

Contestants

[<< previous game]

Robert Vinson, a director of network management from Charlotte, North Carolina

Liz Zoller, an actor and musician from Chicago, Illinois

Ben Tritle, an apartment manager from Los Angeles, California (whose 4-day cash winnings total $58,600)

[next game >>]

Jeopardy! Round responses

MONUMENTS
ENTERTAINING CRITTERS
"D"OUBLE TALK
IT'S TOO DARN HOT!
MINNEAPOLIS
ST. PAUL
    $200 24
the Statue of Liberty

Robert
    $200 6
Dino

Ben
    $200 12
the dodo

Ben
    $200 17
the French Foreign Legion

Ben
    $200 1
the Mississippi

Ben
    $200 11
(Ben: What is faith?)

charity

BenLiz
    $400 25
New Mexico

Ben
    $400 7
Sugar Bear

Ben
    $400 13
diddle diddle

Ben
    $400 18
salt tablets

Ben
    $400 2
(Ben: What is cereal?)

flour

Ben
Triple Stumper
    $400 22
(Ben: What is an angel?)

a kiss

Ben
Triple Stumper
    $600 26
(Alex: If you're in England, go there. That's where you'll find [*].)

Stonehenge

Triple Stumper
    $600 8
an elephant

Robert
    $600 14
Dum Dum

Ben
    $600 19
(Liz: What is a peacock?)

a bat

BenLiz
    $600 3
the Timberwolves

Ben
    $600 23
Saul

Liz
    $1,000 27
the Taj Mahal

Ben
    $800 9
Fox

Robert
    $800 15
dada

Ben
    $800 20
Death Valley

Robert
    $800 4
Mall of America

Liz
    $800 29
tentmaker

Triple Stumper
    $1000 28
Rodin

Liz
    $1000 10
Eddie Murphy

Ben
    $1000 16
(Alex: A cute little antelope called the [*].)

dik-dik

Triple Stumper
    $1000 21
(Robert: What is a scene?)

a hotbed

Robert
Triple Stumper
    $1000 5
a symphony

Liz
    $1000 30
(Alex: Bad Paul! He approved of stoning [*].)

St. Stephen

Triple Stumper

Scores at the first commercial break (after clue 16):

Ben Liz Robert
$3,800 $2,000 $1,400

Scores at the end of the Jeopardy! Round:

Ben Liz Robert
$6,000 $3,000 $1,400

Double Jeopardy! Round responses

THE CIVIL WAR
LEISURE ACTIVITIES
THE OFFICE OF THE SURGEON GENERAL
MAID FOR TV
ARTISTS & THEIR WORKS
BEFORE & AFTER
    $400 13
a cannon

Ben
    $400 11
the hood

Robert
    $400 18
the Senate

Ben
    $400 1
Alice

Ben
    $400 24
(Andy) Warhol

Ben
    $400 2
Moby Dick Cheney

Liz
    $2,400 14
(Alex: You agonize so much over these!)
(Ben: I do, I do! I can't help it.)

Virginia

Ben
    $800 12
a hike

Ben
    $800 19
Grant

Ben
    $800 3
Good Times

Ben
    $800 26
(Paul) Gauguin

Robert
    $800 7
Fat Albert Einstein

Robert
    $1200 15
Vicksburg

Ben
    $1200 23
a valley (fold)

Liz
    $800 20
(Alex: Yeah, Liz is shaking her head as you are also, Ben. Go for it!)
(Ben: No!)
(Alex: OK!)

Health & Human Services

Ben
    $1200 4
Will & Grace

Ben
    $1200 27
Andrew Wyeth

Triple Stumper
    $1200 8
Sugar Ray Romano

Ben
    $1600 16
Andersonville

Ben
    $1600 25
(Ben: What is a rudder?)

center board

Ben
Triple Stumper
    $1600 21
Disease Control

Ben
    $1600 5
Florence

Ben
    $1600 28
Dali

Liz
    $1600 9
Larry King crab

Liz
    $2000 17
(Alex: And that was the infamous [*].)

William Quantrill

Triple Stumper
    $2000 30
(Alex: Liz, if you had managed to come up with that, you'd have had more than half of Ben's total.)

an eyelet

Triple Stumper
    $2000 22
(Ben: What are wings?)
...
(Alex: More to it than that.)

a caduceus

Ben
Triple Stumper
    $2000 6
(Gretchen) Kraus

Ben
    $2000 29
Marc Chagall

Triple Stumper
    $2000 10
Michael Jackson Pollock

Liz

Scores at the end of the Double Jeopardy! Round:

Ben Liz Robert
$20,000 $9,800 $3,400
(lock game)

[wagering suggestions for these scores]

Final Jeopardy! Round responses

RENAISSANCE AUTHORS
(Alex: [To Ben] And he's shaking his head. Why? Because he picked… the correct response? Why is he shaking his head? Because he didn't wager a penny! So he remains at $20,000, but a five-day total of $78,600! Congratulations! You are now a five-time undefeated player. You get to keep the dough. You get to come back and compete in our Tournament of Champions. And you will receive this beautiful automobile. Johnny, tell him.)
(Johnny: Congratulations, Ben! As a five-time undefeated Jeopardy! champion you've won the new Jaguar X-Type, a sleek, compact, and nimble automobile for the next generation. Experience classic Jaguar styling with the adrenaline rush of a V-6. From Rusnak Jaguar Pasadena. Okay!)
(Ben: Wow!)
(Alex: Nice car, and you get to come back.)
(Ben: Thank you!)
(Alex: Good game, players. He was tough, he's been tough all week.)
RobertWho was Machiavelli?
$3,000
LizWho was Shakespeare
$2,999
BenWho is Machiavelli?
$0
Machiavelli

Final scores:

Ben Liz Robert
$20,000 $6,801 $6,400
5-day champion: $78,600 2nd place: $2,000 3rd place: $1,000

Game dynamics:

Coryat scores:

Ben Liz Robert
$18,600 $9,800 $3,400
30 R
(including 3 DDs),
5 W
10 R,
1 W
7 R,
1 W

Combined Coryat: $31,800

[game clues] [game scores] [suggest correction]

Game tape date: 2002-01-30
The J! Archive is created by fans, for fans. Scraping, republication, monetization, and malicious use prohibited; this site may use cookies and collect identifying information. See terms. The Jeopardy! game show and all elements thereof, including but not limited to copyright and trademark thereto, are the property of Jeopardy Productions, Inc. and are protected under law. This website is not affiliated with, sponsored by, or operated by Jeopardy Productions, Inc. Join the discussion at JBoard.tv.